| 000 | 00864nam a22002057a 4500 | ||
|---|---|---|---|
| 999 |
_c62457 _d62457 |
||
| 003 | Ge_BSU | ||
| 005 | 20241112171030.0 | ||
| 008 | 241112s1955 ge ||||| |||| 00| 0 geo d | ||
| 041 | _ageo | ||
| 080 | _a617 ვ-43 | ||
| 100 |
_aვეფხვაძე, კ. _923673 |
||
| 245 |
_aზოგადი ქირურგია : _bექიმთა და სტუდენტთათვის / _cკ. ვეფხვაძე |
||
| 250 | _aმე-7 გადამუშ. გამოც. | ||
| 264 |
_aთბილისი : _bსაქმედგამი, _c1955. |
||
| 300 |
_a400 გვ. : _bილ. ; _c 26 სმ. |
||
| 501 | _aდანართი: "საგნობრივი საძიებელი", გვ. 383-393 | ||
| 653 | _aზოგადი ქირურგია. | ||
| 653 | _aმედიცინა | ||
| 942 |
_2udc _cBK |
||